Kadra Polski na MŚ 2022 w Katarze - Statystyki

Ogólne statystyki
  • Ten quiz został rozwiązany 359 razy
  • Średni wynik to 20 z 26
Statystyki odpowiedzi
Hint Odpowiedź % Poprawnych
Bramkarz Szczęsny
99%
Napastnik Lewandowski
98%
Napastnik Milik
95%
Obrońca Glik
93%
Pomocnik Zieliński
90%
Obrońca Cash
88%
Pomocnik Krychowiak
88%
Napastnik Piątek
88%
Bramkarz Skorupski
88%
Obrońca Bednarek
86%
Obrońca Bereszyński
83%
Napastnik Świderski
82%
Obrońca Kiwior
81%
Obrońca Zalewski
79%
Bramkarz Grabara
78%
Pomocnik Grosicki
78%
Pomocnik Szymański
73%
Pomocnik Szymański
73%
Obrońca Jędrzejczyk
68%
Pomocnik Frankowski
63%
Pomocnik Kamiński
62%
Pomocnik Bielik
59%
Pomocnik Skóraś
51%
Obrońca Gumny
45%
Obrońca Wieteska
43%
Pomocnik Żurkowski
41%
Nie znaleziono quizów pasujących do podanych kryteriów
Rozkład punktacji
Procent ludzi z każdym wynikiem
Percentyl według liczby udzielonych odpowiedzi
Twoja historia wyników
Nie rozwiązałeś tego quizu